| 000 | 00520nam a2200157Ia 4500 | ||
|---|---|---|---|
| 008 | 170221s9999 xx 000 0 und d | ||
| 100 | _aFatma Kamiloğlu | ||
| 245 | _aEffects of Social Media on Civil and Political Participation and a Field of Survey over on Facebook | ||
| 245 | _cFatma Kamiloğlu, Emre Erdoğan | ||
| 260 | _bOnline Journal of Communication and Media Technologies | ||
| 260 | _c2014 | ||
| 300 | _a34 : 18 | ||
| 650 | _xCommunication | ||
| 650 | _xMedia Arts | ||
| 856 | _uhttp://www.ojcmt.net/ | ||
| 999 |
_c310960 _d310960 |
||